000 01922cam a2200553 i 4500
001 11952
003 KOSZ 005
005 20240831062930.0
008 240830s1968 pl g 001 0 pol
015 _aUWD 1968/9579
035 _a991037925789705066
035 _a(PL-WaBN)b2016287x-48omnis_nlop
035 _ab2016287x
035 _a(OCoLC)839046708
035 _a(PL)b0000002016287
035 _a(EXLNZ-48OMNIS_NETWORK)9910143250805606
040 _aWA N
_cWA N
_dKOSZ 005/RW
045 _bd1933
_bd1938
046 _k1968
080 _a94(438).081
080 _a329(438)
245 0 0 _aDokumenty Komunistycznej Partii Polski :
_b1935-1938 /
_c[opracowali Seweryn Ajzner, Zbigniew Szczygielski] ; Zakład Historii Partii przy KC PZPR.
250 _aWydanie I.
260 _aWarszawa :
_bKsiążka i Wiedza,
_c1968.
300 _a341, [3] stron ;
_c22 cm.
336 _aTekst
_btxt
_2rdacontent
337 _aBez urządzenia pośredniczącego
_bn
_2rdamedia
338 _aWolumin
_bnc
_2rdacarrier
380 _aKsiążki
380 _aPublikacje popularnonaukowe
388 1 _a1901-2000
388 1 _a1945-1989
504 _aIndeksy.
610 2 7 _aKomunistyczna Partia Polski (1925-1938)
_2DBN
648 7 _a1901-2000
648 7 _a1918-1939
650 _aPartie polityczne
_2DBN
650 _aPolityka
_2DBN
651 7 _aPolska
655 7 _aWydawnictwo źródłowe
_2DBN
658 _aHistoria
658 _aPolityka, politologia, administracja publiczna
700 1 _aAjzner, Seweryn
_eOpracowanie
700 1 _aSzczygielski, Zbigniew
_d(1928-1998)
_eOpracowanie
710 2 _aSpółdzielnia Wydawniczo-Handlowa "Książka i Wiedza"
_4pbl
856 _uhttps://koha.tu.koszalin.pl/cgi-bin/koha/opac-detail.pl?biblionumber=11952
_yKatalog online BPK
942 _2UKD
_cKS
999 _c11952
_d11952